00974nas a2200229Ia 4500001001100000003000900011008004100020040001300061040001300074041001300087100003800100210001600138222001600154245009900170250001100269260003900280501008600319300001000405362003300415500026000448650003600708R017/F7945IT-RoPAU151124c99999999xx |||||||||||| ||und|| aIT-RoPAU cIT-RoPAU aITALIANO aAA.VV. gCodice Aut. SPICS: 12000 aFILMCRITICA aFilmcritica aFILMCRITICA SCUOLA, ANNO 02-N.06 (APRILE 1999)bFilmcritica Scuola, Anno 02-N.06 (Aprile 1999) a1a ed. aMONTEPULCIANO (SI)bLE BALZEc1999 bPaulus - SPICS - Società San Paolo EM (non-commercial uses only)cCopyright2015 a16 p. aANNO 002, N.06 (APRILE 1999) aSupplemento a Filmcritica, N.494. Cos'E' Questo Oscar? di E. Bruno. Cinestoria: Cinema e ... Di G. Paganelli. Classic: Aurora di F.W. Murnau di A. Cappabianca. Stanley Kubrick, Profilo di A. Cappabianca. Leggere il Cinema: Sergej Ejzenstejn Teorico di L.  aCINEMAvPUBBLICAZIONE PERIODICA